| 000 | 01665cam a22004934i 4500 | ||
|---|---|---|---|
| 003 | PE-LiUPU | ||
| 005 | 20250731173549.0 | ||
| 008 | 150616s r 000 0 d | ||
| 020 | _a1555408567 | ||
| 035 | _a(Sirsi) i9781555408565 | ||
| 040 |
_aPE-LiUPU _bspa _cPE-LiUPU _erda |
||
| 049 | _aPRUA | ||
| 082 | 0 | 4 |
_a221.066 _bG75 _221 |
| 100 | 1 |
_aGottwald, Norman K., _eautor. |
|
| 245 | 1 | 4 |
_aThe hebrew bible in its social world and in ours / _cNorman K. Gottwald. |
| 264 | 1 |
_aAtlanta, Georgia : _bScholars press, _c1993. |
|
| 300 |
_a425 páginas ; _c23 centímetros |
||
| 336 |
_atext _2rdacontent |
||
| 337 |
_aunmediated _2rdamedia |
||
| 338 |
_avolume _2rdacarrier |
||
| 490 | 0 |
_aSBL Archaeology and Biblical Studies ; _v1 |
|
| 504 | _aBibliografía: páginas385-410. | ||
| 505 | 0 | _aThe hebrew bible in its social world.- The hebrew bible in our social world. | |
| 526 | _aSEG42 | ||
| 526 | _aSEG41 | ||
| 526 | _aSEG40 | ||
| 526 | _aSEG39 | ||
| 526 | _aP94 | ||
| 526 | _aP87 | ||
| 526 | _aP86 | ||
| 526 | _aP85 | ||
| 526 | _aP77 | ||
| 526 | _aP76 | ||
| 526 | _aP35 | ||
| 630 |
_aBiblia. _pA.T. _xCrítica, interpretación, etc. |
||
| 650 | 0 | 4 | _a |
| 910 |
_ajck _bjvq _cjck |
||
| 942 |
_2ddc _cBOOK |
||
| 949 |
_a221.066 G75 _wDEWEY _c1 _i43001 _lCCODEBUL1 _mBUL _r0 _sY _tBOOK _u2015-6-16 _xTEOLOGIA _zUNKNOWN _0COMPRA _o.STAFF. Colección General |
||
| 994 |
_aC0 _bPEPRU |
||
| 596 | _a1 | ||
| 999 |
_a221.066 G75 _wDEWEY _c60973 _i43001 _f2021-11-9 _g5 _lCCODEBUL1 _mBUL _r0 _sY _tBOOK _u2015-6-16 _xTEOLOGIA _zUNKNOWN _0COMPRA _o.STAFF. Colección General _d60973 |
||
| 980 |
_81 _gALBERTO SANCHEZ Responsable de Automatización |
||